<?xml version="1.0" encoding="UTF-8"?><?xml-stylesheet type="text/xsl" href="static/style.xsl"?><OAI-PMH xmlns="http://www.openarchives.org/OAI/2.0/" xmlns:xsi="http://www.w3.org/2001/XMLSchema-instance" xsi:schemaLocation="http://www.openarchives.org/OAI/2.0/ http://www.openarchives.org/OAI/2.0/OAI-PMH.xsd"><responseDate>2026-04-14T02:17:16Z</responseDate><request verb="GetRecord" identifier="oai:www.recercat.cat:10256/18181" metadataPrefix="marc">https://recercat.cat/oai/request</request><GetRecord><record><header><identifier>oai:recercat.cat:10256/18181</identifier><datestamp>2024-10-29T23:14:59Z</datestamp><setSpec>com_2072_452955</setSpec><setSpec>com_2072_2054</setSpec><setSpec>col_2072_453073</setSpec></header><metadata><record xmlns="http://www.loc.gov/MARC21/slim" xmlns:dcterms="http://purl.org/dc/terms/" xmlns:xsi="http://www.w3.org/2001/XMLSchema-instance" xmlns:doc="http://www.lyncode.com/xoai" xsi:schemaLocation="http://www.loc.gov/MARC21/slim http://www.loc.gov/standards/marcxml/schema/MARC21slim.xsd">
   <leader>00925njm 22002777a 4500</leader>
   <datafield ind2=" " ind1=" " tag="042">
      <subfield code="a">dc</subfield>
   </datafield>
   <datafield ind2=" " ind1=" " tag="720">
      <subfield code="a">Arqué, Xavier</subfield>
      <subfield code="e">author</subfield>
   </datafield>
   <datafield ind2=" " ind1=" " tag="720">
      <subfield code="a">Romero Rivera, Adrian</subfield>
      <subfield code="e">author</subfield>
   </datafield>
   <datafield ind2=" " ind1=" " tag="720">
      <subfield code="a">Feixas Geronès, Ferran</subfield>
      <subfield code="e">author</subfield>
   </datafield>
   <datafield ind2=" " ind1=" " tag="720">
      <subfield code="a">Patiño, Tania</subfield>
      <subfield code="e">author</subfield>
   </datafield>
   <datafield ind2=" " ind1=" " tag="720">
      <subfield code="a">Osuna Oliveras, Sílvia</subfield>
      <subfield code="e">author</subfield>
   </datafield>
   <datafield ind2=" " ind1=" " tag="720">
      <subfield code="a">Sánchez, Samuel</subfield>
      <subfield code="e">author</subfield>
   </datafield>
   <datafield ind2=" " ind1=" " tag="260">
      <subfield code="c">2019-06-27</subfield>
   </datafield>
   <datafield ind2=" " ind1=" " tag="520">
      <subfield code="a">Bio-catalytic micro- and nanomotors self-propel by the enzymatic conversion of substrates&#xd;
into products. Despite the advances in the field, the fundamental aspects underlying enzymepowered self-propulsion have rarely been studied. In this work, we select four enzymes&#xd;
(urease, acetylcholinesterase, glucose oxidase, and aldolase) to be attached on silica&#xd;
microcapsules and study how their turnover number and conformational dynamics affect the&#xd;
self-propulsion, combining both an experimental and molecular dynamics simulations&#xd;
approach. Urease and acetylcholinesterase, the enzymes with higher catalytic rates, are the&#xd;
only enzymes capable of producing active motion. Molecular dynamics simulations reveal&#xd;
that urease and acetylcholinesterase display the highest degree of flexibility near the active&#xd;
site, which could play a role on the catalytic process. We experimentally assess this&#xd;
hypothesis for urease micromotors through competitive inhibition (acetohydroxamic acid)&#xd;
and increasing enzyme rigidity (β-mercaptoethanol). We conclude that the conformational&#xd;
changes are a precondition of urease catalysis, which is essential to generate self-propulsio</subfield>
   </datafield>
   <datafield ind2=" " ind1=" " tag="520">
      <subfield code="a">The research leading to these results has received funding from the Spanish MINECO for&#xd;
grants CTQ2015-68879-R (MICRODIA) and CTQ2015-72471-EXP (Enzwim). T.P. thanks&#xd;
MINECO for the Juan de la Cierva fellowship (FJCI-2015-25578). A.R.-R. thanks the&#xd;
Generalitat de Catalunya for PhD fellowship (2015-FI-B-00165). F.F. thanks the European&#xd;
Community for MSCA-IF-2014-EF-661160-MetAccembly grant. S.O. thanks funding from&#xd;
the European Research Council (ERC) under the European Union’s Horizon 2020 research&#xd;
and innovation programme (ERC-2015-StG-679001). F.F., A.R.-R., and S.O. thank the&#xd;
Generalitat de Catalunya for grup emergent 2017 SGR-1707. S.S. acknowledges Foundation&#xd;
BBVA for the MEDIROBOTS project and the CERCA program by the Generalitat de&#xd;
Catalunya</subfield>
   </datafield>
   <datafield tag="653" ind2=" " ind1=" ">
      <subfield code="a">Cinètica enzimàtica</subfield>
   </datafield>
   <datafield tag="653" ind2=" " ind1=" ">
      <subfield code="a">Enzyme kinetics</subfield>
   </datafield>
   <datafield tag="653" ind2=" " ind1=" ">
      <subfield code="a">Catàlisi</subfield>
   </datafield>
   <datafield tag="653" ind2=" " ind1=" ">
      <subfield code="a">Catalysis</subfield>
   </datafield>
   <datafield ind2="0" ind1="0" tag="245">
      <subfield code="a">Intrinsic enzymatic properties modulate the self-propulsion of micromotors</subfield>
   </datafield>
</record></metadata></record></GetRecord></OAI-PMH>